Les 24 équipes qualifiés au barrages de LDC - Statistiques

Statistiques générales
  • Ce quiz a été pris 228 fois
  • Le résultat moyen est 16 sur 24
Statistiques - réponses
Hint Réponse % Correct
1er Liverpool
91%
2 ème Barcelone
89%
11 ème Réal Madrid
89%
3 ème Arsenal
88%
15 ème Paris St Germain
88%
4 ème Inter
86%
10 ème Dortmund
84%
22 ème Manchester city
83%
7 ème Lille
82%
18 ème Brest
81%
12 ème Bayern Munich
80%
8 ème Aston Villa
79%
5 ème Atlético de Madrid
74%
17 ème Monaco
73%
16 ème Benfica
67%
13 ème AC Milan
58%
20 ème Juventus
57%
6 ème Bayer Leverkusen
53%
14 ème PSV
53%
9 ème Atalanta
50%
19 ème Feyenoord
41%
21 ème Celtic
32%
24 ème Club Brugge
27%
23 ème Sporting Portugal
22%
Aucun quiz correspondant
Distribution des résultats
% des personnes avec chaque résultat
Percentile par nombre de réponses
Votre historique - résultats
Vous n’avez pas pris ce quiz